Názory kolumbijských podnikov na environmentálne obchodné požiadavky Európskej únie (predbežný prieskum)

Salvato in:
Dettagli Bibliografici
Autore principale: Smolková, Sára, 1998-
Natura: Capitolo di libro
Lingua:slovacco
Tags: Aggiungi Tag
Nessun Tag, puoi essere il primo ad aggiungerne!!

MARC

LEADER 00000naa$a2200000$$$4500
001 0314462
005 20260123090704.5
041 0 |a slo 
044 |a SK 
245 1 0 |a Názory kolumbijských podnikov na environmentálne obchodné požiadavky Európskej únie (predbežný prieskum)  |c Sára Smolková 
100 1 |a Smolková, Sára, 1998-